| 000 | 00797nam a2200229 a 4500 | ||
|---|---|---|---|
| 001 | 2678 | ||
| 003 | CDMR | ||
| 005 | 20131114104211.0 | ||
| 008 | 130130s1972||||||||||||||||||||||||||||d | ||
| 040 |
_aCDMR _bcat _cCDMR |
||
| 100 | 1 |
_aBrincourt, Christian _92010 |
|
| 245 | 1 | 4 |
_aLos reporteros _b: [100 historias extraordinarias de una profesión apasionante] _cChristian Brincourt, Michel Leblanc ; prólogo de Joseph Kessel ; trad. Edmon Vallés y Mauricio Wiesenthal |
| 250 | _a1ª ed. | ||
| 260 |
_aBarcelona _c1972 _bNoguer |
||
| 300 | _a327 p. | ||
| 490 | 0 |
_aEl Documento Vivo. _aReportajes y Testimonio |
|
| 650 | 0 | 4 |
_92560 _aCorresponsals de guerra |
| 650 | 0 | 4 |
_92802 _aCorresponsals estrangers |
| 650 | 0 | 4 |
_94187 _aPeriodisme _xAnècdotes |
| 700 | 1 |
_94350 _aLeblanc, Michel |
|
| 942 |
_cMON _2udc |
||
| 999 |
_c2678 _d2678 |
||